20 years' development of education in the Democratic Republic of Vietnam. (Record no. 70581)

MARC details
000 -LEADER
fixed length control field 00714cam a22002291 4500
001 - CONTROL NUMBER
control field sa 66006573
003 - CONTROL NUMBER IDENTIFIER
control field DLC
005 - DATE AND TIME OF LATEST TRANSACTION
control field 20260227112257.0
008 - FIXED-LENGTH DATA ELEMENTS--GENERAL INFORMATION
fixed length control field 760121s1965 vm ch 000 0 eng
010 ## - LIBRARY OF CONGRESS CONTROL NUMBER
LC control number sa 66006573
035 ## - SYSTEM CONTROL NUMBER
System control number (OCoLC)1939708
040 ## - CATALOGING SOURCE
Original cataloging agency DLC
Transcribing agency OAU
Modifying agency OCoLC
-- DLC
042 ## - AUTHENTICATION CODE
Authentication code premarc
050 00 - LIBRARY OF CONGRESS CALL NUMBER
Classification number LA1186
Item number .N46
082 ## - DEWEY DECIMAL CLASSIFICATION NUMBER
Classification number 370.9597
100 1# - MAIN ENTRY--PERSONAL NAME
Personal name Nguyễn, Khánh Toàn.
245 10 - TITLE STATEMENT
Title 20 years' development of education in the Democratic Republic of Vietnam.
260 ## - PUBLICATION, DISTRIBUTION, ETC.
Place of publication, distribution, etc. [Hanoi?]
Name of publisher, distributor, etc. Pub. House of the Ministry of Education of the D.R.V.,
Date of publication, distribution, etc. 1965.
300 ## - PHYSICAL DESCRIPTION
Extent 47 p.
Other physical details facsim., ports.
Dimensions 19 cm.
500 ## - GENERAL NOTE
General note Errata slip inserted.
650 #0 - SUBJECT ADDED ENTRY--TOPICAL TERM
Topical term or geographic name entry element Education
Geographic subdivision Vietnam (Democratic Republic)

No items available.

Powered by Koha